000 00870nam a22003137a 4500
001 BR2015001755
003 BR-BrBNA
005 20230928104605.0
007 ta
008 230509b bl.||||| |||| 00| 0 por d
040 _aBR-BrBNA
_bpor
_cBiblioteca Nacional de Agricultura
041 _a(Por)
072 _aB50; L01
_b5213
090 _ 5213 BR2015001755
100 1 _aMoraes, J.B. de
100 1 _aSchuler, M.
100 1 _aRibeiro, S.
110 1 _aAssociação Brasileira de Angus, Porto Alegre, RS (Brasil)
_9808
245 1 _aAssociação Brasileira de Angus 50 anos além das porteiras
260 3 _aPorto Alegre, RS (Brasil):
_c2013.
300 _a200 p.
500 _a153 illus
650 _aBOVINOCULTURA
650 _aGADO DE CORTE
650 _aBIOGRAFIA
650 _aHISTÓRIA
909 _a202309
_bLucia
_c55
_dLucia Elande
942 _cBK
999 _c80734
_d80734